Environment and Development Economics

Uložené v:
Podrobná bibliografia
Médium: Seriál
Jazyk:English
Vydavateľské údaje: New York Cambridge University Press 2018
Tagy: Pridať tag
Žiadne tagy, Buďte prvý, kto otaguje tento záznam!

MARC

LEADER 00000nas2a2200000 4500
001 0249832
005 20230130081743.2
022 |a 1335-770X 
041 0 |a eng 
044 |a US 
245 1 0 |a Environment and Development Economics 
264 1 |a New York  |b Cambridge University Press  |c 2018 
773 0 |w eu_un_cat*0141965 
774 0 |w eu_un_cat*0290604